Quiz sur l'altitude des communes de France - Statistiques

Statistiques générales
  • Ce quiz a été pris 27 fois
  • Le résultat moyen est 9 sur 20
Statistiques - réponses
Question Réponse % Correct
Parmi ces ports, lequel culmine le plus haut ? Brest
100%
Quelle ville est la plus élevée ? Clermont-Ferrand
100%
Quelle commune mérite le mieux le "haut" de son nom ? La Haute-Beaume
100%
L'altitude la plus élevée se trouve à... L'Ile Rousse
100%
Quelle ville est la plus élevée ? Montbéliard
100%
Quel Abbeville est le plus haut ? Abbeville-Lès-Conflans
50%
Parmi ces communes sur la Seine, laquelle culmine le plus haut ? Bar-sur-Seine
50%
Quelle est la plus haute perchée ? Chamonix
50%
Parmi ces communes sur la Loire, laquelle culmine le moins haut ? Cosne-Cours-sur-Loire
50%
Quelle commune a l'altitude maxi la plus haute Marseille
50%
Quelle commune est la plus haute perchée entre celles-ci ? Riom-ès-Montagnes
50%
Quelle commune mérite le moins le "maxi" de son nom ? Saint-Maxire
50%
Première commune par ordre alphabétique, elle culmine à 393 mètres
0%
Dernière commune par ordre alphabétique, elle culmine à... 62 mètres
0%
Quelle commune mérite le mieux le "bas" de son nom ? Baslieux
0%
C'est la 100e commune la plus haute de France... Chantelouve
0%
Quelle commune "sur-Garonne" est sous les autres ? Fourques
0%
Quelle est la commune la plus basse à son maximum ? Fresnes-les-Montauban
0%
Quelle ville "sur-Rhône" domine les autres ? Loire
0%
Quelle commune mérite le mieux le "mini" de son nom ? Miniac-Morvan
0%
Aucun quiz correspondant
Distribution des résultats
% des personnes avec chaque résultat
Percentile par nombre de réponses
Votre historique - résultats
Vous n’avez pas pris ce quiz